000 01160naa a22003137a 4500
001 BR7800029
003 BR-BrBNA
005 20240918180844.0
007 ta
008 230509b bl.||||| |||| 00| 0 por d
040 _aBR-BrBNA
_bpor
_cBiblioteca Nacional de Agricultura
041 _a(Pt)
072 _aH20
_b0150
_b4120
_b3875
090 _aH20 BR7800029
100 1 _aRibeiro, A.S.
111 1 _a7. Reuniao da Cultura do Arroz
_cPorto Alegre, RS (Brazil)
_d23 Aug 1977
245 1 _aComparacao intermediaria de fungicidas no controle da brusone e da mancha parda de arroz irrigado
260 3 _aPorto Alegre, RS (Brasil):
_b1977,
_cp. 88-92.
500 _aAnais da 7. Reuniao da Cultura do Arroz - Rio Grande do Sul Porto Alegre, RS (Brasil): 1977, p. 88-92. (BR7800029-AM)H20
650 _aArroz Irrigado
650 _aControle Quimico
650 _aBrusone
650 _aMancha Parda
650 _aFungicida
650 _aRio Grande do Sul
773 0 _tAnais da 7. Reuniao da Cultura do Arroz - Rio Grande do Sul
_wH20 BR7800029
_gPorto Alegre, RS (Brasil), p. 88-92.
909 _a202404
_bLucia
_c55
_dLucia Elande
942 _cAM
_2AGRIS
999 _c322314
_d322314